00955cam a22002411 4500001001300000003000400013005001700017008004100034010001700075035001900092040006200111050001500173110004100188245008600229260005300315300002400368500010200392505013100494650002100625700002100646700003100667999001500698agr09000753 DLC20260227110928.0760628m19089999xx 000 0 fre c aagr09000753  a(OCoLC)2285725 aLibrary, U. S. Dept. of AgriculturecMNSdMNSdOCoLCdDLC00aQK909b.B82 aJardin botanique de l'Etat (Belgium)04aLes aspects de la végétation en Belgique.cPar Charles Bommer & Jean Massart. aBruxelles,bJardin Botanique de l'État,c1908- av.bplates.c54 cm. aAt head of title: Ministère de l'Intérieur et de l'Agriculture, Jardin Botanique de l'État.0 a[v. 1] Les districts littoraux et alluviaux, par Jean Massart.--[v. 2] Les districts flandrien et campinien, par Jean Massart. 0aBotanyzBelgium.1 aBommer, Charles.1 aMassart, Jean,d1865-1925. c7630d7630